000 00226nam a22000857a 4500
008 160824b xxu||||| |||| 00| 0 eng d
100 _9244
_aJoshi Madhu B
245 _aNeha, My Sister
260 _aNew Delhi
_bNational Book Trust
_c2009
999 _c2900
_d2900